| 000 | 00636nam a2200217Ii 4500 | ||
|---|---|---|---|
| 003 | JO-AjNU | ||
| 008 | 230606s9999||||xx |||||||||||||| ||und|| | ||
| 020 | _a978-0-07-013151-4 | ||
| 040 |
_aJO-AjNU _beng _erda _cJO-AjNU |
||
| 041 | _aeng | ||
| 050 | 1 | 4 | _aQA76.6.I5858.2001 |
| 100 | 3 |
_aCorrmen.Thomas/Leiserson,Charles, _eauthor _91019 |
|
| 245 | 0 | 0 | _aIntroduction To ALGORITHMS |
| 250 | _a2 ed | ||
| 264 | 3 | 1 | _aMCGRAW-HILL HIGHER EducaTION:London.2001 |
| 300 | _a1180p | ||
| 336 |
_atext _btxt _2rdacontent |
||
| 337 |
_aunmediated _bn _2rdamedia |
||
| 338 |
_avolume _bnc _2rdacarrier |
||
| 650 | 4 |
_aIntroduction To ALGORITHMS _91020 |
|
| 999 |
_aE535 _c535 _d535 |
||